| 000 | 01132nam a2200265 a 4500 | ||
|---|---|---|---|
| 001 | 000013487 | ||
| 005 | 20250924073801.0 | ||
| 008 | 091125s1986 dr 000 0 spa d | ||
| 040 |
_aDO-SdBNP _bspa _cBNPHU |
||
| 082 |
_a342.7293 _bM671p |
||
| 100 | 1 |
_aMirabal Reyes de Tavárez, Minerva Arg. _930816 |
|
| 245 | 1 | 3 |
_aEl principio de la irretroactividad de las leyes y la jurisprudencia dominicana / _cMinerva Arg. Mirabal Reyes de Tavárez ; presentación Fernando Sánchez Martínez. |
| 260 |
_aSanto Domingo : _bUniversitaria, _c1986. |
||
| 300 |
_a45 p. ; _c21 cm. |
||
| 490 | 1 |
_aPublicaciones de la Universidad Autónoma de Santo Domingo _v530 |
|
| 490 | 1 |
_atesis _v2 |
|
| 650 | 4 |
_aRetroactividad de las leyes _zRepública Dominicana _914577 |
|
| 650 | 4 |
_aLegislación _zRepública Dominicana _93032 |
|
| 650 | 4 |
_aDerecho comparado _zRepública Dominicana _914578 |
|
| 650 | 4 |
_aFilosofía del derecho _zRepública Dominicana _914579 |
|
| 700 | 1 |
_aSánchez Martínez, Fernando _97183 |
|
| 830 |
_aPublicaciones de la Universidad Autónoma de Santo Domingo _v530 _952 |
||
| 830 | 0 |
_atesis _v2 _930817 |
|
| 999 |
_a1 _n0000247 _c13111 _d13111 |
||
| 049 | _aBNPD | ||